000 00408nam a2200181Ia 4500
003 0100
008 130303s9999 xx 000 0 und d
040 _cARRUPELIB
050 _aQH332.C661982
100 _aBeauchamp, Tom L
245 _aContemporary issues in bioethics
250 _aWalters, LeRoy
260 _aBelmont
260 _bWadsworth Co.
260 _C1982
300 _a602p
942 0 0 _05
999 _c24979
_d24979